00405nam a2200109Ia 45000010005000000080041000050200022000460820017000681000019000852450156001042600035002604162241024s9999 xx 000 0 und d a978-9945-8673-8-1 aRD/627/D948c aCarmen Durán 0aCORAASAN, en el centenario del primer acueducto de gestión 1915-2015, vida agua, desarrollo sostenible y ciudadania, Santiago, República Dominicana bEd. Molina composiciónc2015